000 00592nam a2200193Ia 4500
003 GCL
008 140319s9999 xx 000 0 ara d
020 _a4545684977
040 _aGCL /
_cGCL
082 0 4 _a928
_bل أ
100 1 _aلوسى يعقوب
245 1 0 _aادب وادباء خالدون /
_cلوسى يعقوب
260 _aالقاهرة :
_bجهاد للنشر والتوزيع ،
_c2003
300 _a161 ص ؛
_c24 سم
650 0 4 _aالاسلوب الادبى
650 0 4 _aالادب - تاريخ ونقد
650 0 4 _aالادباء - تراجم
942 _2ddc
_cBK
999 _c6162
_d6162